Wetlands of bottomland hardwood forests : (Record no. 19806)

MARC details
000 -LEADER
fixed length control field 01430cam a2200325 a 4500
001 - CONTROL NUMBER
control field 4679195
003 - CONTROL NUMBER IDENTIFIER
control field OSt
005 - DATE AND TIME OF LATEST TRANSACTION
control field 20211123145703.0
008 - FIXED-LENGTH DATA ELEMENTS--GENERAL INFORMATION
fixed length control field 810810s1981 ne a b 100 0 eng
010 ## - LIBRARY OF CONGRESS CONTROL NUMBER
LC control number 81012612
020 ## - INTERNATIONAL STANDARD BOOK NUMBER
International Standard Book Number 0444420207
040 ## - CATALOGING SOURCE
Original cataloging agency DLC
Transcribing agency HU
Modifying agency DLC
043 ## - GEOGRAPHIC AREA CODE
Geographic area code n-usu--
050 00 - LIBRARY OF CONGRESS CALL NUMBER
Classification number QH104.5.S59
Item number W67 1980
082 00 - DEWEY DECIMAL CLASSIFICATION NUMBER
Classification number 574.5/2642/0975
Edition number 19
111 2# - MAIN ENTRY--MEETING NAME
Meeting name or jurisdiction name as entry element Workshop on Bottomland Hardwood Forest Wetlands of the Southeastern United States
Date of meeting or treaty signing (1980 :
Location of meeting Lake Lanier, Ga.)
9 (RLIN) 20190
245 10 - TITLE STATEMENT
Title Wetlands of bottomland hardwood forests :
Remainder of title proceedings of a Workshop on Bottomland Hardwood Forest Wetlands of the Southeastern United States, held at Lake Lanier, Georgia, June 1-5, 1980 /
Statement of responsibility, etc. edited by J.R. Clark and J. Benforado.
260 ## - PUBLICATION, DISTRIBUTION, ETC.
Place of publication, distribution, etc. Amsterdam ;
-- New York :
Name of publisher, distributor, etc. Elsevier Scientific Pub. Co.,
Date of publication, distribution, etc. 1981.
300 ## - PHYSICAL DESCRIPTION
Extent xviii, 401 p. :
Other physical details ill. ;
Dimensions 25 cm.
440 #0 - SERIES STATEMENT/ADDED ENTRY--TITLE
Title Developments in agricultural and managed-forest ecology ;
Volume/sequential designation 11
9 (RLIN) 12852
504 ## - BIBLIOGRAPHY, ETC. NOTE
Bibliography, etc. note Includes bibliographies.
650 #0 - SUBJECT ADDED ENTRY--TOPICAL TERM
Topical term or geographic name entry element Forest ecology
Geographic subdivision Southern States
General subdivision Congresses.
9 (RLIN) 20191
650 #0 - SUBJECT ADDED ENTRY--TOPICAL TERM
Topical term or geographic name entry element Wetland ecology
Geographic subdivision Southern States
General subdivision Congresses.
9 (RLIN) 20192
650 #0 - SUBJECT ADDED ENTRY--TOPICAL TERM
Topical term or geographic name entry element Forest management
Geographic subdivision Southern States
General subdivision Congresses.
9 (RLIN) 20193
650 #0 - SUBJECT ADDED ENTRY--TOPICAL TERM
Topical term or geographic name entry element Hardwoods
Geographic subdivision Southern States
General subdivision Congresses.
9 (RLIN) 20194
700 1# - ADDED ENTRY--PERSONAL NAME
Personal name Clark, John R.,
Dates associated with a name 1927-
9 (RLIN) 20195
700 1# - ADDED ENTRY--PERSONAL NAME
Personal name Benforado, Jay.
9 (RLIN) 20196
906 ## - LOCAL DATA ELEMENT F, LDF (RLIN)
a 7
b cbc
c orignew
d 1
e ocip
f 19
g y-gencatlg
942 ## - ADDED ENTRY ELEMENTS (KOHA)
Koha item type Books like text book referance book
Source of classification or shelving scheme Dewey Decimal Classification
Suppress in OPAC No
Holdings
Withdrawn status Lost status Source of classification or shelving scheme Damaged status Not for loan Collection code Home library Current library Shelving location Date acquired Total Checkouts Full call number Barcode Date last seen Copy number Price effective from Koha item type
    Dewey Decimal Classification     Reference Wondo Genet Library Wondo Genet Library General Stacks 11/23/2021   581.5 WET 1981 WGCFNRL00009179 11/23/2021 1 11/23/2021 Books like text book referance book